Storm of the century.
| Main Author: | |
|---|---|
| Format: | Book |
| Published: |
New York:
Pocket Books,
1999.
|
| Subjects: |
| LEADER | 00377cam a2200145 7i4500 | ||
|---|---|---|---|
| 001 | 0000007626 | ||
| 005 | 20000516090000.0 | ||
| 020 | 0 | 0 | |a 067103264 X |
| 090 | 0 | 0 | |a B 808.83 |b KIN (N) |
| 100 | 1 | 0 | |a King |
| 245 | 1 | 0 | |a Storm of the century. |
| 260 | 0 | 0 | |a New York: |b Pocket Books, |c 1999. |
| 300 | # | # | |a 376 p. |
| 650 | 0 | 0 | |a Novelettes |
| 999 | |a B000010790 |b Book |c Novelettes |e Business Information Centre | ||